Statistics for Factions Of Divergent

Click here to take the quiz!

General Stats

  • This quiz has been taken 97 times
  • The average score is 5 of 5

Answer Stats

HintAnswer% Correct
The braveDauntless
97%
The intelligentErudite
96%
The selflessAbnegation
93%
The kindAmity
92%
The honestCandor
91%

Score Distribution

Percentile by Number Answered

Percent of People with Each Score

Your Score History

You have not taken this quiz